[Event "SVK-chT1E 9899"]
[Site "Slovakia"]
[Date "1999.??.??"]
[Round "10"]
[White "Mesiarik, Rudolf"]
[Black "Rizsonkov, Vlagyimir"]
[Result "1/2-1/2"]
[WhiteElo "2270"]
[BlackElo "2270"]
[PlyCount "153"]
[EventDate "1998.??.??"]
[EventType "team"]
[EventRounds "11"]
[EventCountry "SVK"]
[SourceTitle "EXT 2000"]
[Source "ChessBase"]
[SourceDate "1999.11.16"]
[SourceVersion "1"]
[SourceVersionDate "1999.11.16"]
[SourceQuality "1"]

1. Nf3 g6 2. g3 Bg7 3. d4 Nf6 4. Bg2 c5 5. 0-0 cxd4 6. Nxd4 Nc6 7. c4 Qb6 8. Nb3 d6 9. Nc3 0-0 10. Be3 Qd8 11. h3 Ne5 12. Nd2 Be6 13. Qb3 Rc8 14. Qxb7 Rc7 15. Qa6 Nxc4 16. Nb5 Bc8 17. Qa4 Nxe3 18. fxe3 Bd7 19. Qb3 Rc5 20. Nc3 Be6 21. Qa3 Qc7 22. Nb3 Re5 23. Nd4 Bd7 24. Rac1 Qb6 25. Nd1 Ra5 26. Qb3 e5 27. Nc6 Qxb3 28. axb3 Ra6 29. b4 Rb6 30. Nxa7 Rxb4 31. Nc6 Rb6 32. Ne7+ Kh8 33. Nd5 Nxd5 34. Bxd5 f6 35. Kg2 Rc8 36. Rxc8+ Bxc8 37. e4 h5 38. Rf3 Ba6 39. Kf2 Rb4 40. Rc3 Rd4 41. Ra3 Bc4 42. Bxc4 Rxc4 43. Rd3 Bf8 44. Nc3 Kg7 45. Kf3 Rb4 46. Rd2 Kf7 47. g4 Ke6 48. e3 Rb3 49. Ke2 Bh6 50. Kd3 hxg4 51. hxg4 Rb7 52. Re2 Bg5 53. Kc4 Kd7 54. b4 Rc7+ 55. Kd3 Ra7 56. b5 Ra3 57. Kc4 Kc7 58. Nd5+ Kb7 59. Nc3 Kc7 60. Kb4 Ra1 61. Rh2 Kb8 62. Nd5 Re1 63. Rh8+ Kb7 64. Rh7+ Kb8 65. Rh3 Kb7 66. Rh7+ Kb8 67. Rf7 Bxe3 68. Nxf6 Rc1 69. Nd5 Bc5+ 70. Kb3 Rb1+ 71. Kc4 Rc1+ 72. Kd3 Rb1 73. Nc3 Rg1 74. Kc4 Rc1 75. Kd3 Rg1 76. Kc4 Rc1 77. Kd3 1/2-1/2